|
|
|
|
| LEADER |
00000caa a22000002c 4500 |
| 001 |
1806561085 |
| 003 |
DE-627 |
| 005 |
20250403093410.0 |
| 007 |
tu |
| 008 |
220609s2022 xx ||||| o 00| ||ita c |
| 035 |
|
|
|a (DE-627)1806561085
|
| 035 |
|
|
|a (DE-599)KXP1806561085
|
| 040 |
|
|
|a DE-627
|b ger
|c DE-627
|e rda
|
| 041 |
|
|
|a ita
|
| 084 |
|
|
|a 1
|2 ssgn
|
| 100 |
1 |
|
|a Abagnale, Salvatore
|e VerfasserIn
|4 aut
|
| 245 |
1 |
0 |
|a [Rezension von: Ska, Jean-Louis, 1946-, Il libro dell'Esodo]
|
| 264 |
|
1 |
|c 2022
|
| 336 |
|
|
|a Text
|b txt
|2 rdacontent
|
| 337 |
|
|
|a ohne Hilfsmittel zu benutzen
|b n
|2 rdamedia
|
| 338 |
|
|
|a Band
|b nc
|2 rdacarrier
|
| 601 |
|
|
|a Rezension
|
| 655 |
|
7 |
|a Rezension
|0 (DE-588)4049712-4
|0 (DE-627)106186019
|0 (DE-576)209083166
|2 gnd-content
|
| 700 |
1 |
|
|e VerfasserIn des Bezugswerks
|0 (DE-588)133638383
|0 (DE-627)550286659
|0 (DE-576)164505687
|4 ant
|a Ska, Jean-Louis
|d 1946-
|
| 773 |
0 |
8 |
|i Enthalten in
|t Rassegna di teologia
|d Roma : Ed. A.V.E., 1968
|g 63(2022), 1, Seite 172-173
|w (DE-627)166751235
|w (DE-600)300979-8
|w (DE-576)015185109
|x 0033-9644
|7 nnas
|
| 773 |
1 |
8 |
|g volume:63
|g year:2022
|g number:1
|g pages:172-173
|
| 787 |
0 |
8 |
|i Rezension von
|a Ska, Jean-Louis, 1946 -
|t Il libro dell'Esodo
|d Bologna : EDB, 2021
|h 159 Seiten
|w (DE-627)1921321164
|z 9788810221914
|
| 935 |
|
|
|a BIIN
|
| 951 |
|
|
|a AR
|
| BIB |
|
|
|a 1
|
| ELC |
|
|
|b 1
|
| ITA |
|
|
|a 1
|t 1
|
| LOK |
|
|
|0 000 xxxxxcx a22 zn 4500
|
| LOK |
|
|
|0 001 4146526396
|
| LOK |
|
|
|0 003 DE-627
|
| LOK |
|
|
|0 004 1806561085
|
| LOK |
|
|
|0 005 20220609161759
|
| LOK |
|
|
|0 008 220609||||||||||||||||ger|||||||
|
| LOK |
|
|
|0 040
|a DE-Tue135
|c DE-627
|d DE-Tue135
|
| LOK |
|
|
|0 092
|o n
|
| LOK |
|
|
|0 852
|a DE-Tue135
|
| LOK |
|
|
|0 852 1
|9 00
|
| LOK |
|
|
|0 866
|x **** Rezension-keine Sacherschließung, eg ****
|
| LOK |
|
|
|0 935
|a ixzs
|a ixzo
|
| LOK |
|
|
|0 939
|a 09-06-22
|b l01
|
| ORI |
|
|
|a SA-MARC-ixtheoa001.raw
|
| SUB |
|
|
|a BIB
|